000
00270nam a2200109Ia 4500
008
200302s9999 xx 000 0 und d
100
_a
Juan M
245
_a
Otxotorena Architecture 200-2015
260
_b
Design Media Publishing (UK) Ltd.,
260
_c
2015
300
_a
271
999
_c
6200
_d
6200